000 00316nam a22001337a 4500
008 170623b xxu||||| |||| 00| 0 eng d
020 _a9780029227961
041 _aeng
080 _a32
100 _a21
101 _aSHP
245 _aPRESIDENTIAL POWER AND THE MODERN PRESIDENTS
_cNEUSTADT, R.E
942 _2udc
_cBK
999 _c18897
_d18897